000 00217nam a2200121Ia 4500
100 _a#N/A
650 _aGeneral
942 _cBK
654 _abirla
245 _aA Brillant Sun
260 _b#N/A
546 _aENGLISH
999 _c26730
_d26730